Statistics for Paul Reubens Filmography

Click here to take the quiz!

General Stats

  • This quiz has been taken 17 times
    (4 since last reset)
  • The average score is 41 of 137

Answer Stats

TypeYearName% Correct
Film1992Batman Returns
75%
TV Show2023Bob's Burgers
75%
Film1985Pee-wee's Big Adventure
75%
TV Show1986-1990Pee-wee's Playhouse
75%
TV Special1980All Commercials... A Steve Martin Special
50%
TV Show2014, 2016American Dad!
50%
Film1997Beauty and the Beast: The Enchanted Christmas
50%
Film1988Big Top Pee-wee
50%
Film2001Blow
50%
Video Game2016Call of Duty: Infinite Warfare
50%
TV Show2016, 2017Gotham
50%
Film2016Pee-wee's Big Holiday
50%
TV Special1998Pee-wee's Playhouse Christmas Special
50%
TV Show2014Phineas and Ferb
50%
Film2023Quiz Lady
50%
TV Show1985, 2011Saturday Night Live
50%
Short Film2013Scooby-Doo! Mecha Mutt Menace
50%
Film1993The Nightmare Before Christmas
50%
Theater2010-2011The Pee-wee Herman Show
50%
TV Special1981The Pee-wee Herman Show
50%
TV Special2011The Pee-wee Herman Show on Broadway
50%
Film2011The Smurfs
50%
Video Game2013The Smurfs 2
50%
Film2013The Smurfs 2
50%
TV Show1987227
25%
TV Show200730 Rock
25%
Film2015Accidental Love
25%
TV Show2010Adventure Time
25%
Music Video1999All Star
25%
TV Special1985All Star Rock 'n' Wrestling Saturday Spectacular
25%
TV Show2001Ally McBeal
25%
TV Show1981An Evening at the Improv
25%
TV Pilot2007Area 57
25%
Film1987Back to the Beach
25%
TV Show2009, 2010, 2011Batman: The Brave and the Bold
25%
Video Game2010Batman: The Brave and the Bold - The Videogame
25%
Theater2002Beverly Winwood Presents the Actors Showcase
25%
Film1997Buddy
25%
Film1992Buffy the Vampire Slayer
25%
TV Show2006Campus Ladies
25%
TV Show2021Celebrity Family Feud
25%
TV Show2021Celebrity Wheel of Fortune
25%
Film1980Cheech and Chong's Next Movie
25%
TV Special1984Cheeseball Presents
25%
TV Show2007, 2008, 2009Chowder
25%
TV Special1988Christmas at Pee-wee's Playhouse
25%
TV Show2013Comedy Bang! Bang!
25%
TV Show2018-2019DC's Legends of Tomorrow
25%
TV Show2007Dirt
25%
TV Film2005Dirt Squirrel
25%
TV Show1999Disney's Hercules: The Animated Series
25%
TV Show1987Dolly
25%
Film1998Dr. Dolittle
25%
Film1981Dream On!
25%
Film1996Dunston Checks In
25%
TV Show2000Everybody Loves Raymond
25%
TV Show2016Face Off
25%
TV Show1984, 1985Faerie Tale Theatre
25%
Film1986Flight of the Navigator
25%
TV Short2016Gigglefudge, U.S.A.
25%
Music Video2014Happy Idiot
25%
TV Show2005Hopeless Pictures
25%
TV Special1987It's Howdy Doody Time
25%
TV Special1986Johnny B. on TV
25%
TV Show2014Kung Fu Panda: Legends of Awesomeness
25%
TV Short2014LEGO DC Comics: Batman Be-Leaguered
25%
Film2009Life During Wartime
25%
TV Film1983Likely Stories, Vol. 2
25%
TV Special1982Lily for President?
25%
TV Show1982Madame's Place
25%
Film1996Matilda
25%
Film1984Meatballs Part II
25%
Film1980Midnight Madness
25%
Web Series2015, 2017, 2024Minecraft: Story Mode
25%
TV Show1981Mork & Mindy
25%
TV Show2017-2018Mosaic
25%
TV Show1995-1997Murphy Brown
25%
Film1999Mystery Men
25%
Film1981Nice Dreams
25%
Film1982Pandemonium
25%
Short Film2010Pee-wee Gets an iPad!
25%
Short Film2010Pee-wee Goes to Sturgis
25%
Documentary2014Pee-wee's Playhouse: Building the Playhouse
25%
TV Show2015, 2017Penn Zero: Part-Time Hero
25%
TV Show2015, 2016Pickle and Peanut
25%
TV Show2015Portlandia
25%
TV Film1981Pray TV
25%
TV Show2007Pushing Daisies
25%
TV Show2015Randy Cunningham: 9th Grade Ninja
25%
TV Film2006Re-Animated
25%
Music Video1985Reggae Christmas
25%
TV Show2006Reno 911!
25%
Film2007Reno 911! Miami
25%
TV Short2012Robot Chicken: DC Comics Special
25%
TV Short2015Robot Chicken DC Comics Special 3: Magical Friendship
25%
TV Short2014Robot Chicken DC Comics Special II: Villains in Paradise
25%
TV Show2002Rugrats
25%
TV Show2014Sanjay and Craig
25%
TV Show1987, 1988, 1989, 1994Sesame Street
25%
TV Special1988Sesame Street: Put Down the Duckie
25%
TV Pilot2011Soul Quest Overdrive
25%
Film2000South of Heaven, West of Hell
25%
Theme Park Attraction1987Star Tours
25%
TV Show2014Star Wars: Rebels
25%
Music Video2006Steady, As She Goes
25%
TV Special1980Steve Martin: Comedy Is Not Pretty
25%
Film2004Teacher's Pet
25%
TV Show2014Teenage Mutant Ninja Turtles
25%
TV Show2014-2015The Blacklist
25%
Film1980The Blues Brothers
25%
Film1968The Brotherhood
25%
TV Show2019The Conners
25%
Short Film2021The Crown with a Shadow
25%
Short Film2013The Final Moments of Karl Brant
25%
TV Show1980The Flintstone Comedy Hour
25%
TV Short2002The Groovenians
25%
TV Show1986-1987The Late Show
25%
Video Game2004The Nightmare Before Christmas: Oogie's Revenge
25%
TV Special1983The Paragon of Comedy
25%
Film2006The Tripper
25%
TV Film1978Things We Did Last Summer
25%
TV Show2019Tigtone
25%
TV Show2007Tim and Eric Awesome Show, Great Job!
25%
Film2013Tom and Jerry's Giant Adventure
25%
TV Show2006Tom Goes to the Mayor
25%
TV Show2012Top Chef
25%
TV Show2018, 2019, 2020, 2022To Tell the Truth
25%
TV Show2005Tripping the Rift
25%
TV Show2012-2013Tron: Uprising
25%
Web Series2015Turbo FAST
25%
TV Show2017, 2018Voltron: Legendary Defender
25%
TV Show2019What We Do in the Shadows
25%
Video Game2017Wilson's Heart
25%
TV Show1979Working Stiffs
25%
TV Special2011WrestleMania XXVII
25%
TV Show1999, 2010WWE Raw
25%
TV Show2001You Don't Know Jack
25%

Score Distribution

Percentile by Number Answered

Percent of People with Each Score

Your Score History

You have not taken this quiz since the last reset